=LDR 00000nam 2200000 4500 =001 INLIS000000000038751 =005 20130612144419 =008 ***********************************Ind** =035 ##$$0010-061300000038751 =041 ##$$a Ind =082 ##$$a 641.5 =090 ##$$a 641.5, Dha s =100 ##$$a Dharmaputra, Ny.T.S =245 ##$$a 101 masakan lezat untuk pemula, Ny.T.S. Dharmaputra; Penyunting, Adinda Chandralela =260 ##$$a 2011 $b Jakarta =300 ##$$a 72 hlm, Ilus, 23 cm =650 ##$$a Masakan, Resep =850 ##$$a NBPNMAT